Divyapurti : Inspiring of Persons with Disabilities (Record no. 46539)

MARC details
000 -LEADER
fixed length control field 00497nam a22001817a 4500
005 - DATE AND TIME OF LATEST TRANSACTION
control field 20260513100308.0
008 - FIXED-LENGTH DATA ELEMENTS--GENERAL INFORMATION
fixed length control field 260513b |||||||| |||| 00| 0 eng d
020 ## - INTERNATIONAL STANDARD BOOK NUMBER
International Standard Book Number 9788198976284
041 ## - LANGUAGE CODE
Language code of text/sound track or separate title Eng
082 ## - DEWEY DECIMAL CLASSIFICATION NUMBER
Classification number 920 TAR
100 ## - MAIN ENTRY--PERSONAL NAME
Author Tarkunde, Nitin Veena
245 ## - TITLE STATEMENT
Title Divyapurti : Inspiring of Persons with Disabilities
260 ## - PUBLICATION, DISTRIBUTION, ETC.
Place Puna
Publisher BookGanga Publications
Publication Year 2025
300 ## - PHYSICAL DESCRIPTION
Extent 172;. P. 22 cm
650 ## - SUBJECT ADDED ENTRY--TOPICAL TERM
Subject Biographical; Non-Fiction
700 ## - ADDED ENTRY--PERSONAL NAME
Co-Author Bhave Waman Subhash
942 ## - ADDED ENTRY ELEMENTS (KOHA)
Koha item type Books
Holdings
Withdrawn status Lost status Source of classification or shelving scheme Damaged status Not for loan Home library Current library Shelving location Accession Date Vendor Price Bill number Total Checkouts Full call number Barcode No Date last seen Discount Cost, replacement price Bill Date Koha item type Suggested By
    Dewey Decimal Classification     IMTN IMTN Rack 43-B 05/13/2026 Raghav Books Private Limited 350.00 2630   920 TAR 34006 05/13/2026 10 315.00 04/30/2026 Books Recommended by Dr Veena Pailwar
Designed & Maintained by: LRC IMT Nagpur Contact: lrc@imtnag.ac.in© 2024. All Rights Reserved.